| 000 | 00774cab a2200253 4500 | ||
|---|---|---|---|
| 001 | WB3004-25 | ||
| 008 | 090401t1994 xxu||||| |||| 00| 0 eng d | ||
| 035 | _a(Sirsi) u58527 | ||
| 041 | _aeng | ||
| 245 | _aSpeculative development returns | ||
| 260 | _c1994 | ||
| 350 | _a0 | ||
| 490 |
_aCSW - The Property Week _v46(4) 27 January 1994, 9(1) |
||
| 520 | _aThe managing director of Applied Property Research believes that the shortage of office space in Central London will encourage speculative development. | ||
| 650 | _aAPPLIED PROPERTY RESEARCH | ||
| 650 | _aAPR | ||
| 650 | _aLONDON | ||
| 650 | _aOFFICE SPACE | ||
| 650 | _aOFFICES | ||
| 650 | _aSPECULATIVE DEVELOPMENT | ||
| 690 | _aPROPERTY-PROPERTY DEVELOPMENT | ||
| 942 | _n0 | ||
| 948 | _c04/03/1997 | ||
| 999 |
_c35752 _d35752 |
||